Lehrbuch der Schmerztherapie - Grundlagen, Theorie und Praxis für Aus- und Weiterbildung

Bibliographic Details
Main Authors: Borovanský, Alois, 1922-2019 (Author), Zenz, M. (Adapter), Jurna, I. (Adapter)
Format: Article
Language:Slovak
ISSN:0009-0530
Subjects:

MARC

LEADER 00000nab a2200000 a 4500
001 vtls000515350
003 SK-MaSNL
005 20260303003554.0
008 220422c1994 xo 0 slo
015 |a SNBRB19rr/mm-uuuuu 
035 |a CL0515488 
040 |a SNKBUCL  |b slo  |c SNKBUCL  |e AACR2 
041 0 |a slo 
044 |a xo  |c SK 
080 |a 616.8-009.7  |2 1981 
100 1 |a Borovanský, Alois,  |d 1922-2019  |4 aut  |9 224490 
245 1 0 |a Lehrbuch der Schmerztherapie - Grundlagen, Theorie und Praxis für Aus- und Weiterbildung  |c A. Borovanský 
650 0 7 |a bolesť  |2 snkbucl  |9 2432 
655 7 |a články z novín a časopisov  |2 snkbucl  |9 267496 
700 1 |a Zenz, M.  |4 adp  |9 981598 
700 1 |a Jurna, I.  |4 adp  |9 981599 
773 0 |t Česká a slovenská farmacie  |g Roč. 43, č. 1 (1994), s. 38  |x 0009-0530 
787 0 8 |i Rec.:  |a Zenz, M.  |t Lehrbuch der Schmerztherapie  |d Stuttgart : Wissenschaftliche Verlagsgesellschaft, 1993 
850 |a Slovenská národná knižnica v Martine  |a MTA001 
852 |a SNK  |b KIS3GCP 
958 |a RK 
958 |a ME 
992 |a RBX 
999 |c 1573372  |d 1575302